000 00299nam a22001337a 4500
008 170823b xxu||||| |||| 00| 0 eng d
020 _a0471607432
041 _aeng
080 _a51
100 _a38
101 _aMAT
245 _aTOPICS IN COMPLEX FUNCTION THEORY
_cSIEGEL,C.L
942 _2udc
_cBK
999 _c24662
_d24662